| 000 | 00799cab a2200253 4500 | ||
|---|---|---|---|
| 001 | WB3328-28 | ||
| 008 | 090401t1997 xxu||||| |||| 00| 0 eng d | ||
| 035 | _a(Sirsi) u79659 | ||
| 041 | _aeng | ||
| 245 | _aGreen house effect | ||
| 260 | _c1997 | ||
| 350 | _a0 | ||
| 490 |
_aYorkshire Post _v15 July 1997, 10(2) |
||
| 520 | _aThe building of a car-free housing estate in Edinburgh is expected to start in a year`s time, with many people interested in its development. Describes other environment friendly features. Diagram. | ||
| 650 | _aCAR BAN | ||
| 650 | _aCAR-FREE HOUSING ESTATES | ||
| 650 | _aEDINBURGH | ||
| 650 | _aENVIRONMENTALLY-FRIENDLY HOUSING | ||
| 650 | _aGREEN HOUSES | ||
| 650 | _aNEW HOUSING | ||
| 690 | _aHOUSING-DEVELOPMENT | ||
| 942 | _n0 | ||
| 948 | _c16/07/1997 | ||
| 999 |
_c50103 _d50103 |
||